Manuel Royes : una trajectòria al servei de les persones / una trajectòria al servei de les persones /
ISBN:
9788417116552
Descripción Física:
143 pàgines : il·lustracions en color ; 23 cm
Idioma:
Catalán
MARC
| LEADER | 00000nam a2200000 i 4500 | ||
|---|---|---|---|
| 001 | 26860 | ||
| 003 | Arxiu | ||
| 005 | 20260324181143.0 | ||
| 008 | 220519e202203 spca||| ||| 000 0bcat| | ||
| 015 | |a LL2022 |2 bnc | ||
| 017 | |a DL B 5226-2022 |b Biblioteca de Catalunya | ||
| 020 | |a 9788417116552 | ||
| 040 | |a ES-BaBC |b cat |e rda |c ES-BaBC | ||
| 080 | |a 929Royes, Manuel |2 2004 | ||
| 100 | 1 | |a Valls i Vila, Jaume, |e autor |9 42343 | |
| 245 | 1 | 0 | |a Manuel Royes : |b una trajectòria al servei de les persones / |c Jaume Valls i Vila |
| 250 | |a Primera edició | ||
| 264 | 1 | |a Sant Vicenç de Castellet : |b Farell Editors, |c març de 2022 | |
| 300 | |a 143 pàgines : |b il·lustracions en color ; |c 23 cm | ||
| 336 | |a text |b txt |2 rdacontent | ||
| 337 | |a sense mediació |b n |2 rdamedia | ||
| 338 | |a volum |b nc |2 rdacarrier | ||
| 600 | 1 | 7 | |a Royes, Manuel, |d 1940- |2 lemac |9 28836 |
| 650 | 7 | |a Polítics |z Catalunya |v Biografia. |2 lemac |9 33087 | |
| 908 | |a BC | ||
| 940 | |a BC | ||
| 942 | |2 udc |c ARXIU |n 1 | ||
| 952 | |0 0 |1 0 |2 udc |4 0 |6 BIB978 |7 1 |9 63974 |a Arxiu |b Arxiu |d 2022-10-11 |l 0 |o Bib-978 |p 26860 |r 2022-10-11 00:00:00 |w 2022-10-11 |y ARXIU | ||
| 999 | |c 82693 |d 82693 | ||